Key Concepts in Communication and Cultural Studies

Αποθηκεύτηκε σε:
Λεπτομέρειες βιβλιογραφικής εγγραφής
Άλλοι συγγραφείς: O'Sullivan, Tim 1952-
Μορφή: Βιβλίο
Γλώσσα:English
Δημοσίευση: London : Routledge, 1994
Έκδοση:2nd ed.
Σειρά:Studies in culture & communication
Θέματα:
Ετικέτες: Προσθήκη ετικέτας
Δεν υπάρχουν, Καταχωρήστε ετικέτα πρώτοι!

MARC

LEADER 00000nam a2200000 i 4500
001 1/44760
008 950525s1994 eng d
020 |a 0-415-06173-3 
035 |a 1995  |c ΤΣΙΒΑΚΟΥ  |l 10042362 
040 |a GR-MY-UA  |b gre  |e aacr 
041 0 |a eng 
082 0 |a 302.2 
245 1 0 |a Key Concepts in Communication and Cultural Studies /  |c Tim O'Sullivan...[et al.]. 
246 3 3 |a Communication and cultural studies 
250 |a 2nd ed. 
260 |a London :   |b Routledge,   |c 1994 
300 |a 367 p.;  |b ill.;  |c 20 cm. 
490 1 |a Studies in culture & communication 
500 |a Includes bibliographical references and index 
650 0 0 |a Communication  |x Handbooks, manuals, etc. 
650 0 0 |a Culture  |x Handbooks, manuals, etc. 
700 1 |a O'Sullivan, Tim  |d 1952- 
830 0 |a Studies in culture & communication 
852 |a INST  |b SAMOS  |e 19950525  |h 302.2 KEY  |p 005300005518  |q 005300005518  |t BK  |y 0 
909 |a Σ  |b 038977